000 00369nam a2200157 i 4500
001 bg
100 1 _aZASĘPA, ryszard
245 1 0 _aMetoda reprezentacyjna /
_cRyszard Zasępa.
260 _aWarszawa :
_bPWE,
_c1972.
650 9 _aStatystyka
_xmetody
040 _cBPK
041 0 _apol
080 _a311
942 _cKS
008 s pl f |000 0 pol
999 _c35537
_d35537
856 _uhttp://koha.tu.koszalin.pl/cgi-bin/koha/opac-detail.pl?biblionumber=35537
_yKatalog online BPK